Cliquez sur l'animal manquant - Vocabulaire - Statistiques

Statistiques générales
  • Ce quiz a été pris 3 303 fois
  • Le résultat moyen est 8 sur 20
Statistiques - réponses
Hint Explanation Réponse % Correct
___atouille Ratatouille : Plat fait de légumes cuits à l'huile Rat
92%
___meil Vermeil : D'un rouge vif et léger Ver
72%
___euil Cerfeuil : Plante cultivée comme condiment Cerf
64%
___iote Loupiote : Petite lampe Loup
62%
___elaine Porcelaine : Produit céramique très fin, recouvert d'un enduit vitrifié Porc
54%
___besque Arabesque : Ornement basé sur la répétition de motifs entrelacés Ara
53%
___oyant Chatoyant : Qui a des reflets vifs et changeants Chat
52%
___lie Poulie : Petite roue creusée d'une gorge qui porte une corde ou une courroie et qui sert à transmettre un mouvement pour soulever des fardeaux Pou
47%
___uet Coquet : Qui soigne sa tenue pour plaire Coq
46%
___eresque Chevaleresque : Digne d'un chevalier Cheval
45%
___feuille Chèvrefeuille : Plante, arbrisseau grimpant, à fleurs parfumées Chèvre
41%
___nets Cochonnets : Petites boules servant de buts au jeu de boules Cochon
36%
___rin Vacherin : Fromage de vache de Franche-Comté ou Gâteau composé d'une croûte de meringue, de fruits et de chantilly Vache
34%
___rckisme Lamarckisme : Théorie selon laquelle l'environnement dans lequel vit une espèce végétale ou animale amène cette espèce à se modifier pour s'adapter Lama
23%
___tier Muletier : Personne qui conduit les mulets Mule
22%
___usement Tortueusement : D'une manière tortueuse Tortue
20%
___ronner Moucheronner : En parlant d'un poisson, bondir hors de l'eau pour saisir au vol un insecte Mouche
19%
___rmie Boarmie : Belle phalène aux ailes festonnées, dont la chenille vit sur le chêne Boa
15%
___yo Daimyo : Seigneur dans le Japon féodal Daim
10%
___lamar Bichelamar : Langue créole parlée au Vanuatu Biche
8%
Aucun quiz correspondant
Distribution des résultats
% des personnes avec chaque résultat
Percentile par nombre de réponses
Votre historique - résultats
Vous n’avez pas pris ce quiz